<?xml version="1.0" encoding="UTF-8"?>
<record
    xmlns:xsi="http://www.w3.org/2001/XMLSchema-instance"
    xsi:schemaLocation="http://www.loc.gov/MARC21/slim http://www.loc.gov/standards/marcxml/schema/MARC21slim.xsd"
    xmlns="http://www.loc.gov/MARC21/slim">

  <leader>00522nam a22001817a 4500</leader>
  <controlfield tag="005">20260309071452.0</controlfield>
  <controlfield tag="008">260309b           ||||| |||| 00| 0 eng d</controlfield>
  <datafield tag="020" ind1=" " ind2=" ">
    <subfield code="a">9788192406015</subfield>
  </datafield>
  <datafield tag="082" ind1=" " ind2=" ">
    <subfield code="a">610.7368 KAP</subfield>
  </datafield>
  <datafield tag="100" ind1=" " ind2=" ">
    <subfield code="a"> Kapoor, Bimla.</subfield>
  </datafield>
  <datafield tag="245" ind1=" " ind2=" ">
    <subfield code="a">A textbook of psychiatric nursing : </subfield>
    <subfield code="c">vol. - II : </subfield>
    <subfield code="b">3rd edition.</subfield>
  </datafield>
  <datafield tag="250" ind1=" " ind2=" ">
    <subfield code="a">3rd ed.</subfield>
  </datafield>
  <datafield tag="260" ind1=" " ind2=" ">
    <subfield code="a">New Delhi : </subfield>
    <subfield code="b">Kumar Publishing House ; </subfield>
    <subfield code="c">2024.</subfield>
  </datafield>
  <datafield tag="300" ind1=" " ind2=" ">
    <subfield code="a">492 p.</subfield>
    <subfield code="c">26 cm.</subfield>
  </datafield>
  <datafield tag="500" ind1=" " ind2=" ">
    <subfield code="a">Includes index.</subfield>
  </datafield>
  <datafield tag="650" ind1=" " ind2=" ">
    <subfield code="a">Psychiatric nursing.</subfield>
  </datafield>
  <datafield tag="942" ind1=" " ind2=" ">
    <subfield code="2">ddc</subfield>
    <subfield code="c">MAIN</subfield>
  </datafield>
  <datafield tag="999" ind1=" " ind2=" ">
    <subfield code="c">10544</subfield>
    <subfield code="d">10545</subfield>
  </datafield>
  <datafield tag="952" ind1=" " ind2=" ">
    <subfield code="0">0</subfield>
    <subfield code="1">0</subfield>
    <subfield code="2">ddc</subfield>
    <subfield code="4">0</subfield>
    <subfield code="7">0</subfield>
    <subfield code="8">MAIN</subfield>
    <subfield code="a">RTCLIB</subfield>
    <subfield code="b">RTCLIB</subfield>
    <subfield code="c">MAIN</subfield>
    <subfield code="d">2026-03-09</subfield>
    <subfield code="g">600.00</subfield>
    <subfield code="i">19907</subfield>
    <subfield code="l">1</subfield>
    <subfield code="m">1</subfield>
    <subfield code="o">616.89 KAP c1</subfield>
    <subfield code="p">30021125</subfield>
    <subfield code="q">2026-05-20</subfield>
    <subfield code="r">2026-04-20 12:20:23</subfield>
    <subfield code="s">2026-04-20</subfield>
    <subfield code="w">2026-03-09</subfield>
    <subfield code="y">MAIN</subfield>
  </datafield>
  <datafield tag="952" ind1=" " ind2=" ">
    <subfield code="0">0</subfield>
    <subfield code="1">0</subfield>
    <subfield code="2">ddc</subfield>
    <subfield code="4">0</subfield>
    <subfield code="7">0</subfield>
    <subfield code="8">MAIN</subfield>
    <subfield code="a">RTCLIB</subfield>
    <subfield code="b">RTCLIB</subfield>
    <subfield code="c">MAIN</subfield>
    <subfield code="d">2026-03-09</subfield>
    <subfield code="g">600.00</subfield>
    <subfield code="i">19908</subfield>
    <subfield code="l">2</subfield>
    <subfield code="o">616.89 KAP c2</subfield>
    <subfield code="p">30021126</subfield>
    <subfield code="q">2026-05-22</subfield>
    <subfield code="r">2026-05-07 14:35:24</subfield>
    <subfield code="s">2026-05-07</subfield>
    <subfield code="w">2026-03-09</subfield>
    <subfield code="y">MAIN</subfield>
  </datafield>
  <datafield tag="952" ind1=" " ind2=" ">
    <subfield code="0">0</subfield>
    <subfield code="1">0</subfield>
    <subfield code="2">ddc</subfield>
    <subfield code="4">0</subfield>
    <subfield code="7">0</subfield>
    <subfield code="8">MAIN</subfield>
    <subfield code="a">RTCLIB</subfield>
    <subfield code="b">RTCLIB</subfield>
    <subfield code="c">MAIN</subfield>
    <subfield code="d">2026-03-09</subfield>
    <subfield code="g">600.00</subfield>
    <subfield code="i">19909</subfield>
    <subfield code="l">1</subfield>
    <subfield code="m">1</subfield>
    <subfield code="o">616.89 KAP c3</subfield>
    <subfield code="p">30021127</subfield>
    <subfield code="q">2026-05-22</subfield>
    <subfield code="r">2026-04-22 04:48:03</subfield>
    <subfield code="s">2026-04-22</subfield>
    <subfield code="w">2026-03-09</subfield>
    <subfield code="y">MAIN</subfield>
  </datafield>
  <datafield tag="952" ind1=" " ind2=" ">
    <subfield code="0">0</subfield>
    <subfield code="1">0</subfield>
    <subfield code="2">ddc</subfield>
    <subfield code="4">0</subfield>
    <subfield code="7">0</subfield>
    <subfield code="8">REFERENCE</subfield>
    <subfield code="a">RTCLIB</subfield>
    <subfield code="b">RTCLIB</subfield>
    <subfield code="c">REFERENCE</subfield>
    <subfield code="d">2026-03-09</subfield>
    <subfield code="g">600.00</subfield>
    <subfield code="i">19910</subfield>
    <subfield code="l">0</subfield>
    <subfield code="o">REF 616.89 KAP</subfield>
    <subfield code="p">30021128</subfield>
    <subfield code="r">2026-03-09 07:25:00</subfield>
    <subfield code="w">2026-03-09</subfield>
    <subfield code="y">REFERENCE</subfield>
  </datafield>
</record>
